Možno výživou ovplyvniť aterosklerózu?

Bibliographic Details
Main Author: Gitner, Emil (Author)
Format: Article
Language:Slovak
PhysicalDescription:Obr. 1.
Subjects:

MARC

LEADER 00000nab a2200000 a 4500
001 vtls000330118
003 SK-MaSNL
005 20260303002325.0
008 220422c1988 xo 0 slo
015 |a SNBRB19rr/mm-uuuuu 
035 |a CL0330240 
040 |a SNKBUCL  |b slo  |c SNKBUCL  |e AACR2 
041 0 |a slo 
044 |a xo  |c SK 
080 |a 616.13-004.6:613.2  |2 1981 
080 |a 613.2  |2 1981 
100 1 |a Gitner, Emil  |4 aut  |9 978837 
245 1 0 |a Možno výživou ovplyvniť aterosklerózu?  |c Emil Gitner 
300 |b Obr. 1. 
650 0 7 |a ateroskleróza  |2 snkbucl  |9 2428 
650 0 7 |a výživa  |2 snkbucl  |9 2615 
655 7 |a články z novín a časopisov  |2 snkbucl  |9 267496 
773 0 |t Zdravie  |g Roč. 44, č. 9 (1988), s. 3-4 
850 |a Slovenská národná knižnica v Martine  |a MTA001 
852 |a SNK  |b KIS3GCP 
958 |a RK 
958 |a ME 
992 |a RBX 
999 |c 1567430  |d 1569360